Theory of Weldability of Metals and Alloys = Teória zvariteľnosti kovov a zliatin /

Salvato in:
Dettagli Bibliografici
Autore principale: Hrivňák, Ivan, 1931- (Autore)
Altri autori: Tkáč, Peter (Traduttore)
Natura: Libro
Lingua:inglese
Pubblicazione: Bratislava : Ister Science, 1992
Soggetti:
Tags: Aggiungi Tag
Nessun Tag, puoi essere il primo ad aggiungerne!!

MARC

LEADER 00000nam a22000003a 4500
001 stu35031
005 20220401152951.2
008 920406s1992----cs------------------eng-d
020 |a 80-900486-0-9 
040 |a STU  |b slo 
041 0 |a eng 
044 |a cs 
080 |a 539.51 
100 1 |a Hrivňák, Ivan,  |d 1931-  |4 aut  |u M130  |U MTF Materiálovotechnologická fakulta  |T MTF Katedra materiálového inžinierstva  |X 1479  |U M130  |Y 481  |7 A000001479 
245 1 |a Theory of Weldability of Metals and Alloys = Teória zvariteľnosti kovov a zliatin /  |c [aut.]Ivan Hrivňák; Zo slov. Peter Tkáč 
260 |a Bratislava :  |b Ister Science,  |c 1992 
300 |a 372 s 
650 7 |a kovy  |2 stusub 
650 7 |a zvariteľnosť  |2 stusub 
650 7 |a teórie  |2 stusub 
650 7 |a zliatiny  |2 stusub 
650 7 |a zváranie  |2 stusub 
650 7 |a kovy a zliatiny  |2 stusub 
700 1 |a Tkáč, Peter  |4 trl 
996 |b 284M056176  |c M*7972-2  |l MMKN  |s A  |a 24  |w stu35031_0001